00737nam a2200241Ia 4500001000600000003000900006008004100015040001300056040001300069041001300082100001900095100002900114245003800143245007900181250001100260260001100271260001100282260004900293300005500342500004600397650002100443650003100464H5834IT-RoPAU130308s9999 xx 000 0 und d aIT-RoPAU cIT-RoPAU aITALIANO aTalbot Patrick gCodice Aut. SPICS: 58273 a22 novembre 2001, il surrealismo? bTraiettorie della Modernità€. Il surrealismo All'Alba del terzo Millennio a1a ed. aTORINO bLindau c2003 [1° Ed.:2003 - Ed.Ling.Originale:2003] a"9 p. (prefazione: no ; testo: 9 [pagine: 25-33])" aOrigine. Programma. Nostalgia. Delusione. aSAGGI SUL CINEMA eCodice materia Spics: 6811